00718nam a2200241 a 4500001001300000003000900013005001700022008004100039020002300080082001500103100001900118245004500137260003800182300000900220500003500229505001000264650003700274700001900311902000800330942000700338952011600345999001500461nice12345678IN_TiNIC20260116012702.0050524s1979 usaa grp 000 0 eng  a0860658 c18500a220.6bMCD aMc Donald, H D aI Want to Know What the Bible Says About aUSAbKingsway Publications c1979 a160p aincludes index and biblioraphy2 aIndex aBible-Criticism & Interpretation1 aMc Donald, H D bSRS cBK 001040708StackRoom-aHMIbHMId2007-06-15g185.00l0o220.6 MCDp011372r2007-06-15v185.00w2005-05-24yBK c7942d7942